Statistics for Countries With Famous Mountains

Click here to take the quiz!

General Stats

  • This quiz has been taken 17 times
  • The average score is 3 of 10

Answer Stats

HeightMountainLocation% Correct
3,778Mount FuijiJapan
71%
5,895Mount KilimanjaroTanzania
64%
2,917Mount OlympusGreece
50%
5,959Mount LoganCanada
36%
5,137Mount AraratTurkey
36%
6,190DenaliUSA
21%
5,636Pico de OrizabaMexico
14%
4,808Mont BlancThe Alps
14%
8,849Mount EverestNepal, China, Bhutan.
7%
8,610K2Pakistan, China.
7%

Score Distribution

Percentile by Number Answered

Percent of People with Each Score

Your Score History

You have not taken this quiz